| Tag |
First Indicator |
Second Indicator |
Subfields |
| LEADER |
00000cam a2200000 a 4500 |
| 001 |
in00000893421 |
| 005 |
20151019155555.0 |
| 008 |
831215s1983 nyua b 00110 eng d |
| 020 |
|
|
|a 0960400613
|
| 035 |
|
|
|a (OCoLC)10223543
|
| 035 |
|
|
|9 AEK7786AM
|
| 040 |
|
|
|a KUK
|c KUK
|d m/c
|d VPI
|d TXA
|d UtOrBLW
|
| 049 |
|
|
|a TXAM
|c [A12721960]
|
| 050 |
|
4 |
|a SB415
|b .L26 1983
|
| 100 |
1 |
|
|a Langhans, Robert W.,
|d 1929-
|
| 245 |
1 |
0 |
|a Greenhouse management :
|b a guide to structures, environmental control, materials handling, crop programming, and business analysis /
|c Robert W. Langhans ; line drawings by Virginia C. Langhans.
|
| 250 |
|
|
|a 2nd ed.
|
| 264 |
|
1 |
|a Ithaca, N.Y. :
|b Halcyon Press of Ithaca,
|c 1983.
|
| 300 |
|
|
|a x, 270 pages :
|b illustrations ;
|c 24 cm.
|
| 336 |
|
|
|a text
|b txt
|2 rdacontent
|
| 337 |
|
|
|a unmediated
|b n
|2 rdamedia
|
| 338 |
|
|
|a volume
|b nc
|2 rdacarrier
|
| 504 |
|
|
|a Includes bibliographies and index.
|
| 650 |
|
0 |
|a Greenhouse management.
|
| 700 |
1 |
|
|a Langhans, Virginia.
|
| 999 |
|
|
|a MARS
|
| 999 |
f |
f |
|s 2abe8bcf-26dd-3c9d-bd47-0d79d27e2557
|i acfdf93f-5ce5-306a-bf3f-8417f2c0b010
|t 0
|
| 952 |
f |
f |
|p normal
|a Texas A&M University
|b College Station
|c Sterling C. Evans Library
|d Evans: Library Stacks
|t 0
|e SB415 .L26 1983
|h Library of Congress classification
|i unmediated -- volume
|m A14812721960
|
| 998 |
f |
f |
|a SB415 .L26 1983
|t 0
|l Evans: Library Stacks
|